00346nam a2200109Ia 4500008004100000020002200041040002900063050002800092100001700120245005300137260004600190221021s9999||||xx |||||||||||||| ||und|| a978-0-521-62472-5 cChuka University Library aPN 2270 b.A35 H55 2005 aHill,Errol.G 0aafrican american theatre..history..19th century aNewyorkbCambridge University Pressc2005